000 00462nam a2200205Ia 4500
005 20250425161614.0
008 250425s9999 xx 000 0 und d
020 _a0855014555
041 _aeng
082 _a543.085
100 _aPRICE, W. J.
245 0 _aSPECTROCHEMICAL ANALYSIS
250 _a1TH ED.
260 _aLONDON
260 _aReino Unido
_bHEYDEN
_c1979
300 _a392
650 _aESPECTROQUIMICO
942 _c01
010 _a24112
999 _c212455
_d212455